000 00577nam a22001817a 4500
005 20130913144009.0
010 _aENG-108205
020 _c395.00
_a9789381523926
035 _aEN-91738
037 _bDBAD/PUB
082 _a915.4034
245 _aIndia since 1947 :
_cedited by Atul Kumar Thakur
_blooking back at a modern nation /
260 _aNew Delhi
_bNiyogi Books
_c2013
270 _aD-78, Okhla Industrial Area, Phase-1
_bNew Delhi
_e110020
300 _axviii,340p.
_c20cm(pbk)
700 _aThakur, Atul Kumar
942 _2ddc
_cEN
_mIND
_h915.4034
999 _c78271
_d78271